ब्रजभाषा-लोककवि : तुलाराम : (Record no. 120122)

MARC details
000 -LEADER
fixed length control field 01234nam a22002537a 4500
005 - DATE AND TIME OF LATEST TRANSACTION
control field 20170124103153.0
010 ## - LIBRARY OF CONGRESS CONTROL NUMBER
LC control number B-158005
020 ## - INTERNATIONAL STANDARD BOOK NUMBER
Terms of availability 600.00
International Standard Book Number 8174531017
035 ## - SYSTEM CONTROL NUMBER
System control number B-158005
037 ## - SOURCE OF ACQUISITION
Source of stock number/acquisition Cen Lib/Ret
040 ## - CATALOGING SOURCE
Original cataloging agency DPL
Language of cataloging HN
082 ## - DEWEY DECIMAL CLASSIFICATION NUMBER
Classification number 821.08
Item number अशोक
100 ## - MAIN ENTRY--PERSONAL NAME
Personal name अशोक कुमार
9 (RLIN) 88642
245 ## - TITLE STATEMENT
Title ब्रजभाषा-लोककवि : तुलाराम :
Statement of responsibility, etc अशोक कुमार
Remainder of title जीवनी और साहित्य /
246 ## - VARYING FORM OF TITLE
Title proper/short title Brajbhasha-lokkavi : Tularam : jeevani aur sahitye /
Remainder of title by Ashok Kumar
260 ## - PUBLICATION, DISTRIBUTION, ETC. (IMPRINT)
Place of publication, distribution, etc नई दिल्ली
Name of publisher, distributor, etc संजय प्रकाशन
Date of publication, distribution, etc 2004
270 ## - ADDRESS
City 4378/4 बी, 209, जे.एम.डी.हाउस, अंसारी रोड, दरियागंज
Address नई दिल्ली
Postal code 110002
300 ## - PHYSICAL DESCRIPTION
Extent 336पृ.
Dimensions 21सेमी(सजिल्द)
650 ## - SUBJECT ADDED ENTRY--TOPICAL TERM
Topical term or geographic name as entry element हिन्दी -- तुलाराम -- काव्य
9 (RLIN) 88643
650 ## - SUBJECT ADDED ENTRY--TOPICAL TERM
Topical term or geographic name as entry element हिन्दी -- तुलाराम -- जीवन परिचय
9 (RLIN) 84330
650 ## - SUBJECT ADDED ENTRY--TOPICAL TERM
Topical term or geographic name as entry element Hindi - Tula Ram - Poetry
9 (RLIN) 88644
650 ## - SUBJECT ADDED ENTRY--TOPICAL TERM
Topical term or geographic name as entry element Hindi - Tula Ram - biography
9 (RLIN) 88645
942 ## - ADDED ENTRY ELEMENTS (KOHA)
Source of classification or shelving scheme Dewey Decimal Classification
Koha item type Hindi Books
Classification part 821.08
Call number suffix अशोक
Holdings
Withdrawn status Lost status Damaged status Not for loan Home library Current library Date acquired Source of acquisition Cost, normal purchase price Total Checkouts Full call number Barcode Date last seen Copy number Cost, replacement price Price effective from Koha item type
        Central Library Central Library 21/09/2015 Cen Lib/Ret 600.00   821.08 अशोक B-158005 21/09/2015 1 600.00 21/09/2015 Hindi Books

© Delhi Public Library
Hit Counter
free hit counter